000 00778nam a2200229Ia 4500
001 17885
003 GE_BSU
008 181216s||||||||xx |||||||||||||| ||und||
020 _a5724505274
040 _cGE_BSU
080 _a661:54(085.6)
245 _aХимические реактивы и высокочистые химические вещества.
245 _bКаталог.
245 _cГольдина, О.А. Кузнецов,Ю.С. Иванова,Т.Г. и др.
250 _aИзд. 3-е, перераб. и доп.
260 _aМ.
260 _bХимия.
260 _c1990.
300 _a688 стр. 24 см.
653 _aХимические реактивы и высокочистые химические вещества.
942 _cBK
999 _c50930
_d50930